Fußballvereine die mal in der 1. Bundesliga waren- Sudden Death - Statistiken

Allgemein
  • Dieses Quiz wurde 1.744 mal gespielt
  • Das Durchschnittsergebnis liegt bei 12 aus 19
Answers on the Grid
Answers color-coded by a green-red scale on the quiz's grid according to % correct below.
Preusen Münster
Wuppertaler SC
VFL Osnabrück
FC Ingolstadt 04
VFB Leipzig
Tasmania Berlin
SV Sandhausen
SV Meppen
SpVgg Bayreuth
Schalke 04
Rot Weiß Ahlen
MSV Duisburg
KSV Hessen Kassel
KFC Uerdingen
Jahn Regensburg
Holstein Kiel
Hamburger Sport Verein
Fortuna Köln
FC Erzgebirge Aue
Eintracht Trier
Eintracht Braunschweig
Dynamo Dresden
Carl Zeiss Jena
Arminia Bielefeld
Alemannia Aachen
1860 München
1. FC Saarbrücken
1. FC Magdeburg
1. FC Köln
1. FC Kaiserslautern
 
Antwortstatistiken
Antwort % Korrekt
Schalke 04
86%
1. FC Köln
77%
1. FC Kaiserslautern
73%
Holstein Kiel
73%
1860 München
72%
Arminia Bielefeld
68%
FC Ingolstadt 04
67%
Hamburger Sport Verein
67%
MSV Duisburg
66%
Eintracht Braunschweig
65%
Tasmania Berlin
61%
Dynamo Dresden
58%
Preusen Münster
58%
Alemannia Aachen
57%
KFC Uerdingen
49%
VFB Leipzig
49%
1. FC Saarbrücken
46%
Wuppertaler SC
37%
Fortuna Köln
35%
Keine übereinstimmenden Quizze gefunden
Verteilung der Resultate
Anzahl Personen mit jedem Resultat
Perzentil nach korrekt beantworteten Fragen
Ihre Resultats-Entwicklung
Sie haben dieses Quiz noch nicht gespielt